Score 0/50 Timer 01:00
0 Plays Today
% Correct
eye
90.7%
elbow
90.5%
tongue
90.5%
finger
90.5%
eyebrow
90.4%
knee
90.3%
kidney
90.3%
neck
90.3%
shoulder
90.2%
ankle
90.2%
ear
90.1%
foot
90.1%
mouth
90.1%
leg
90%
forehead
89.9%
nose
89.9%
lungs
89.9%
chest
89.9%
arm
89.9%
brain
89.7%
eyelid
89.7%
head
89.6%
muscle
89.5%
toe
89.5%
abdomen
89.4%
% Correct
liver
89.3%
skull
89.3%
tooth
89.2%
bone
89.2%
spine
89.1%
chin
89.1%
wrist
89%
thigh
89%
lip
88.8%
rib
88.7%
hand
88.6%
hair
88.5%
cheek
88.5%
waist
88.2%
hip
88.1%
belly
87.8%
scalp
86.5%
shin
86%
heel
85.6%
calf
85.6%
diaphragm
85.3%
palm
84.5%
navel
82.8%
back
82.1%
nail
77.4%
Remove Ads.
Support Sporcle.
Get the best of Sporcle when you Go Orange. This ad-free experience offers more features, more stats, and more fun while also helping to support Sporcle. Thank you for becoming a member.

You're not logged in!

Compare scores with friends on all Sporcle quizzes.
OR
Log In

Show Comments

Extras

Top Quizzes Today


Score Distribution

Your Account Isn't Verified!

In order to create a playlist on Sporcle, you need to verify the email address you used during registration. Go to your Sporcle Settings to finish the process.

Report this User

Report this user for behavior that violates our Community Guidelines.

Details: